Pathinanchupanyasam (Record no. 92970)

MARC details
000 -LEADER
fixed length control field 00400nam a2200145Ia 4500
008 - FIXED-LENGTH DATA ELEMENTS--GENERAL INFORMATION
fixed length control field 211109s9999||||xx |||||||||||||| ||und||
082 ## - DEWEY DECIMAL CLASSIFICATION NUMBER
Classification number 894.8124
Item number KUT-P
100 ## - MAIN ENTRY--PERSONAL NAME
Personal name Kuttikrishna Marar,
245 #0 - TITLE STATEMENT
Title Pathinanchupanyasam
260 ## - PUBLICATION, DISTRIBUTION, ETC.
Name of publisher, distributor, etc. Sahiya Pravartaka
Place of publication, distribution, etc. Kottayam
Date of publication, distribution, etc. 1963
300 ## - PHYSICAL DESCRIPTION
Extent 164p.
630 ## - SUBJECT ADDED ENTRY--UNIFORM TITLE
General subdivision General Stack
650 ## - SUBJECT ADDED ENTRY--TOPICAL TERM
Topical term or geographic name entry element Malayalam Literature
942 ## - ADDED ENTRY ELEMENTS (KOHA)
Koha item type BOOK
650 ## - SUBJECT ADDED ENTRY--TOPICAL TERM
Form subdivision Malayalam EssaysGeneralia
Holdings
Withdrawn status Lost status Damaged status Not for loan Home library Current library Date acquired Cost, normal purchase price Total Checkouts Full call number Barcode Shelving location Date last seen Price effective from Koha item type
        SB LIBRARY SB LIBRARY 09/11/2021 100.00   894.8124 KUT-P 00077927 GENERAL STACK 09/11/2021 09/11/2021 BOOK

Powered by Koha